| 000 | 01198cam a2200277 4500500 | ||
|---|---|---|---|
| 005 | 20260208005021.0 | ||
| 041 | _afre | ||
| 042 | _adc | ||
| 100 | 1 | 0 |
_aVictor, Jean-Marc _eauthor |
| 245 | 0 | 0 | _a« Trying Words Once Again » : conjurer la chute dans « A Curtain of Green » de Eudora Welty |
| 260 | _c2010. | ||
| 500 | _a64 | ||
| 520 | _aThis study analyzes various strategies of suspension in one of Eudora Welty’s early stories, “A Curtain of Green”. Most of them pave the way for aesthetic choices to be confirmed in her later works : narrative discontinuity, visual screens, diegetic indetermination and an ambivalent use of intertextuality. | ||
| 690 | _a« A Curtain of Green » | ||
| 690 | _aEudora Welty | ||
| 690 | _aintertextualité | ||
| 690 | _ala Chute | ||
| 690 | _asuspens | ||
| 690 | _a“A Curtain of Green” | ||
| 690 | _aEudora Welty | ||
| 690 | _aintertextuality | ||
| 690 | _asuspension | ||
| 690 | _athe Fall | ||
| 786 | 0 | _nRevue française d’études américaines | 121 | 3 | 2010-01-29 | p. 29-38 | 0397-7870 | |
| 856 | 4 | 1 | _uhttps://shs.cairn.info/revue-francaise-d-etudes-americaines-2009-3-page-29?lang=fr&redirect-ssocas=7080 |
| 999 |
_c1650178 _d1650178 |
||